000 005890000a22001810004500
003 MACL
005 20160602161813.0
008 160602b xxu||||| |||| 00| 0 eng d
040 _aMACL
_cMACL
041 _aHindi
082 _a920 KUM
100 _aकुमार, राकेश
_961811
245 _aजार्ज लुकाच का यथार्थ दर्शन
_cराकेश कुमार
260 _bशुभदा प्रकाशन
_c1991
_aनई दिल्‍ली
350 _a125
650 _aBiography
_961812
942 _cHIN
_k920/KUM
_2ddc
999 _c21606
_d21606